स्वामी दयानन्द की जीवन-यात्रा / (Record no. 117883)

MARC details
000 -LEADER
fixed length control field 01280nam a22002657a 4500
005 - DATE AND TIME OF LATEST TRANSACTION
control field 20170124103102.0
010 ## - LIBRARY OF CONGRESS CONTROL NUMBER
LC control number A-885426
020 ## - INTERNATIONAL STANDARD BOOK NUMBER
Terms of availability 30.00
035 ## - SYSTEM CONTROL NUMBER
System control number A-885426
037 ## - SOURCE OF ACQUISITION
Source of stock number/acquisition Cen Lib/Ret
040 ## - CATALOGING SOURCE
Original cataloging agency DPL
Language of cataloging HN
082 ## - DEWEY DECIMAL CLASSIFICATION NUMBER
Classification number 921
Item number स्वामीद
245 ## - TITLE STATEMENT
Title स्वामी दयानन्द की जीवन-यात्रा /
Statement of responsibility, etc संपादक जगतराम आर्य [और] यशपाल पुरोहित
246 ## - VARYING FORM OF TITLE
Title proper/short title Swami Dayanand ki jeevan-yatra /
Remainder of title sampadak Jagatram Arya [aur] Yashpal Purohit
260 ## - PUBLICATION, DISTRIBUTION, ETC. (IMPRINT)
Place of publication, distribution, etc दिल्ली
Name of publisher, distributor, etc आर्य प्रकाशन मण्डल
Date of publication, distribution, etc 1997
270 ## - ADDRESS
City दिल्ली
Address सरस्वती भंडार, गांधीनगर
Postal code 110031
300 ## - PHYSICAL DESCRIPTION
Extent 72पृ.
Dimensions 20सेमी(सजिल्द)
650 ## - SUBJECT ADDED ENTRY--TOPICAL TERM
Topical term or geographic name as entry element हिन्दी -- साहित्य
9 (RLIN) 77315
650 ## - SUBJECT ADDED ENTRY--TOPICAL TERM
Topical term or geographic name as entry element हिन्दी -- जीवनी - स्वामी दयानन्द
9 (RLIN) 77317
650 ## - SUBJECT ADDED ENTRY--TOPICAL TERM
Topical term or geographic name as entry element Hindi literature
9 (RLIN) 77319
650 ## - SUBJECT ADDED ENTRY--TOPICAL TERM
Topical term or geographic name as entry element Hindi - biography - Swami Dayanand
9 (RLIN) 77320
700 ## - ADDED ENTRY--PERSONAL NAME
Personal name आर्य, जगतराम
9 (RLIN) 77321
700 ## - ADDED ENTRY--PERSONAL NAME
Personal name पुरोहित, यशपाल
9 (RLIN) 77322
942 ## - ADDED ENTRY ELEMENTS (KOHA)
Source of classification or shelving scheme Dewey Decimal Classification
Koha item type Hindi Books
Classification part 921
Call number suffix स्वामीद
Holdings
Withdrawn status Lost status Damaged status Not for loan Home library Current library Date acquired Source of acquisition Cost, normal purchase price Total Checkouts Full call number Barcode Date last seen Copy number Cost, replacement price Price effective from Koha item type
        Central Library Central Library 08/09/2015 Cen Lib/Ret 30.00   921 स्वामीद A-885426 08/09/2015 1 30.00 08/09/2015 Hindi Books

© Delhi Public Library
Hit Counter
free hit counter